Sports Quiz

Random Sports or NFL Quiz

NFL Quarterbacks (2011-12) Quiz Stats

 Plays Quiz not verified by Sporcle

Also try: Almost an NFL Team
Challenge
Share
Tweet
Embed
Score 0/32 Timer 05:00
0 Plays Today
Team Player % Correct
Green Bay Packers Aaron Rodgers
98.3%
New England Patriots Tom Brady
98.3%
New York Giants Eli Manning
98.3%
Baltimore Ravens Joe Flacco
96.7%
Carolina Panthers Cam Newton
96.7%
Chicago Bears Jay Cutler
96.7%
New Orleans Saints Drew Brees
96.7%
New York Jets Mark Sanchez
96.7%
Philadelphia Eagles Michael Vick
96.7%
Dallas Cowboys Tony Romo
95%
San Francisco 49ers Alex Smith
95%
Oakland Raiders Carson Palmer
93.3%
San Diego Chargers Philip Rivers
93.3%
Atlanta Falcons Matt Ryan
91.7%
Detroit Lions Matthew Stafford
91.7%
Buffalo Bills Ryan Fitzpatrick
90%
Team Player % Correct
Denver Broncos Kyle Orton
88.3%
Houston Texans Matt Schaub
88.3%
Pittsburgh Steelers Ben Roethlisberger
88.3%
Saint Louis Rams Sam Bradford
86.7%
Tampa Bay Buccaneers Josh Freeman
86.7%
Tennessee Titans Matt Hasselbeck
86.7%
Cincinnati Bengals Andy Dalton
85%
Cleveland Browns Colt McCoy
83.3%
Seattle Seahawks Tarvaris Jackson
83.3%
Washington RedskinsRex Grossman
83.3%
Arizona Cardinals John Skelton
81.7%
Kansas City ChiefsMatt Cassel
80%
Indianapolis Colts Curtis Painter
75%
Jacksonville Jaguars Blaine Gabbert
75%
Minnesota Vikings Christian Ponder
73.3%
Miami Dolphins Matt Moore
68.3%

You're not logged in!

Compare scores with friends on all Sporcle quizzes.
Join for Free
OR
Log In

You Might Also Like...

Show Comments

Extras

Top Quizzes Today


Score Distribution

Your Account Isn't Verified!

In order to create a playlist on Sporcle, you need to verify the email address you used during registration. Go to your Sporcle Settings to finish the process.

Report this User

Report this user for behavior that violates our Community Guidelines.

Details: